000 00531nam a2200181Ia 4500
005 20250923144440.0
008 008 250917s9999 xx 000 0 eng d
037 _aTextual
040 _aDSWL
_beng
_cDSWL
041 _aeng
_2eng
084 _aK:Y1, G2
_qDSWL
100 _aAlee, Warder Clyde
_9825005
245 0 _aAnimal life & social growth
_cby Warder Clyde Alee
260 _aBaltimore
_bWilliams & Willkins
_c1932
300 _axii,159p.
942 _cTEXL
_hK:Y1, G2
999 _c1439001
_d1439001